| 000 | 01007nac a22002771u 4500 | ||
|---|---|---|---|
| 010 | _a 75596096 | ||
| 020 | _a0718604032 : | ||
| 082 | 0 | 0 |
_a617 _bB1511 |
| 090 |
_c3603 _d3603 |
||
| 100 | _aBailey, Hamilton, | ||
| 245 | 1 | 0 |
_aBailey & Love's Short practice of surgery ( vol.I ) _n1 |
| 250 |
_a16th ed. / _brevised by A. J. Harding Rains and H. David Ritchie. |
||
| 260 |
_aLondon : _bH. K. Lewis,1975 _c1975. |
||
| 300 |
_axii, 1308 p., vol. I : _bill. (some col. ) ; _c26 cm. |
||
| 500 | _aIncludes index. | ||
| 500 | _aDonations | ||
| 500 | _aDonations-Bibliotheca Alexandrina | ||
| 650 | 0 | _aSurgery. | |
| 650 | 0 | _aSurgery. | |
| 700 | 1 |
_aLove, R. J. McNeill _q(Robert John McNeill), _d1891- |
|
| 700 | 1 |
_aRains, A. J. Harding _q(Anthony John Harding) |
|
| 700 | 1 |
_aRitchie, H. David _q(Horace David) |
|
| 740 | 0 | _aShort practice of surgery. | |
| 942 |
_cBB _k617B1511 |
||
| 999 |
_c3603 _d3603 |
||